Statistics for Charlotte Hornets 2016-17 Roster

Click here to take the quiz!

General Stats

  • This quiz has been taken 73 times
    (27 since last reset)
  • The average score is 7 of 20

Answer Stats

NbrPostPlayer% Correct
15PGKemba Walker
100%
40CCody Zeller
83%
33Jeremy Lamb
74%
5SGNicolas Batum
70%
2PFMarvin Williams
65%
14SFMichael Kidd-Gilchrist
57%
44CFrank Kaminsky
39%
-Head CoachSteve Clifford
39%
55CRoy Hibbert
26%
18CMiles Plumlee
22%
00PFSpencer Hawes
17%
35PFChristian Wood
13%
7PGRamon Sessions
13%
12SFTreveon Graham
13%
9SGAndrew Harrison
9%
22PGBrian Roberts
9%
8PFJohnny O'Bryant
9%
21SGMarco Belinelli
9%
0PGBriante Weber
4%
10CMike Tobey
4%

Score Distribution

Percentile by Number Answered

Percent of People with Each Score

Your Score History

You have not taken this quiz since the last reset